LEADER 03828 am 2200589 n 450 001 9910576799003321 005 20190607 010 $a2-7535-6797-2 024 7 $a10.4000/books.pur.106692 035 $a(CKB)4100000012877767 035 $a(FrMaCLE)OB-pur-106692 035 $a(oapen)https://directory.doabooks.org/handle/20.500.12854/86814 035 $a(PPN)267960697 035 $a(EXLCZ)994100000012877767 100 $a20220623j|||||||| ||| 0 101 0 $afre 135 $auu||||||m|||| 181 $ctxt$2rdacontent 182 $cc$2rdamedia 183 $acr$2rdacarrier 200 12$aL?armée d?Italie $eDes missionnaires armés à la naissance de la guerre napoléonienne /$fGilles Candela 210 $aRennes $cPresses universitaires de Rennes$d2019 215 $a1 online resource (408 p.) 225 1 $aHistoire 311 $a2-7535-1284-1 330 $aL?objet de cet ouvrage est l?étude de l?armée d?Italie de 1792 à 1797. Au cours de cette période, cette machine de guerre au service de la Révolution a été un lieu d?expérimentation tactique et stratégique. Dans le cadre d?une longue guerre de positions dans les Alpes, les combattants, au contact de leurs ennemis piémontais et autrichiens, ont développé des méthodes nouvelles de combats. Ces soldats de l?an II ont progressivement formé des groupes primaires qui sont passés maîtres dans l?art de la petite guerre. Surtout, au cours des années 1793-1794, les représentants en mission sont parvenus à relever un défi logistique considérable en organisant le ravitaillement, l?équipement et le financement d?une armée de plusieurs dizaines de milliers d?hommes sur un théâtre d?opérations périphérique. Ces personnages ont aussi orchestré la lutte idéologique contre les puissances monarchiques par l?emploi de divers procédés tels qu?une active propagande et la mobilisation de réseaux de renseignements dont l?influence sur les opérations doit être réévaluée. Après le 9 Thermidor, les choses changent et les points de vue des chefs militaires s?imposent progressivement au pouvoir politique. L?évolution est achevée lorsque Bonaparte prend le commandement de l?armée d?Italie en 1796. À la faveur de la campagne de 1796-1797, celui-ci réussit dans un premier temps à mobiliser ces forces nouvelles héritières de la Révolution dans le cadre d?une grande guerre de mouvement à travers la plaine du Pô. L?historiographie a surtout insisté sur le caractère fulgurant de la campagne d?Italie. Cependant, les succès militaires de Bonaparte exaltés par une efficace propagande se heurtèrent peu à peu aux difficultés matérielles en partie dues à l?étirement des lignes de communications. Les Français durent aussi faire face à des insurrections populaires de plus plus menaçantes. La guerre de mouvement atteignit alors ses limites et l?armée dut se transformer en une force de maintien de l?ordre. La? 517 $aArmée d?Italie 517 $aL’armÃe d’Italie 606 $aHistory 606 $ahistoire militaire 606 $aarmée 606 $aguerre napoléonienne 606 $amissionnaire 606 $aarmée d'Italie 610 $ahistoire militaire 610 $aarmée 610 $aguerre napoléonienne 610 $amissionnaire 610 $aarmée d'Italie 615 4$aHistory 615 4$ahistoire militaire 615 4$aarmée 615 4$aguerre napoléonienne 615 4$amissionnaire 615 4$aarmée d'Italie 700 $aCandela$b Gilles$01326996 701 $aPomponi$b Francis$01234947 801 0$bFR-FrMaCLE 906 $aBOOK 912 $a9910576799003321 996 $aL?armée d?Italie$93037771 997 $aUNINA LEADER 02225oas 2200877 a 450 001 9910146377503321 005 20250921213016.0 011 $a2167-2725 035 $a(OCoLC)48060993 035 $a(CONSER) 2001255007 035 $a(CKB)954921425613 035 $a(EXLCZ)99954921425613 100 $a20011001b19932005 uy a 101 0 $aeng 135 $aurcnu|||||||| 181 $ctxt$2rdacontent 182 $cc$2rdamedia 183 $acr$2rdacarrier 200 14$aThe Academy of Management executive 210 $aAda, Ohio $cAcademy of Management$d1993-2005 300 $aRefereed/Peer-reviewed 300 $aTitle from cover (JSTOR, viewed Oct. 24, 2008). 300 $aPublished: Briarcliff Manor, NY, 1995-2005. 311 0 $a1079-5545 517 3 $aExecutive 606 $aManagement$vPeriodicals 606 $aOrganizational change$vPeriodicals 606 $aExecutives$vPeriodicals 606 $aGestion$vPe?riodiques 606 $aExecutives$2fast$3(OCoLC)fst00917875 606 $aManagement$2fast$3(OCoLC)fst01007141 606 $aOrganizational change$2fast$3(OCoLC)fst01047828 606 $aManagement$2gtt 608 $aPeriodicals.$2fast 608 $aPeriodicals.$2lcgft 615 0$aManagement 615 0$aOrganizational change 615 0$aExecutives 615 6$aGestion 615 7$aExecutives. 615 7$aManagement. 615 7$aOrganizational change. 615 17$aManagement. 676 $a650 712 02$aAcademy of Management 801 0$bZCU 801 1$bZCU 801 2$bOCLCQ 801 2$bSERSO 801 2$bEYM 801 2$bHUL 801 2$bOCLCO 801 2$bDLC 801 2$bAD# 801 2$bOCLCQ 801 2$bGBVCP 801 2$bOCLCQ 801 2$bOCLCO 801 2$bVT2 801 2$bOCLCQ 801 2$bOCLCF 801 2$bOCLCO 801 2$bOCLCQ 801 2$bGILDS 801 2$bOCLCO 801 2$bCNTRU 801 2$bIOY 801 2$bOCLCQ 801 2$bORU 801 2$bOCLCL 801 2$bOCLCQ 801 2$bOCLCL 906 $aJOURNAL 912 $a9910146377503321 996 $aThe Academy of Management executive$92247845 997 $aUNINA